[Event "Kharkov Caissa op"]
[Site "Kharkov"]
[Date "2000.01.28"]
[Round "2"]
[White "Khodotov, Jury"]
[Black "Aniskovitch, Alexandr"]
[Result "1-0"]
[WhiteElo "2364"]
[BlackElo "2111"]
[PlyCount "35"]
[EventDate "2000.01.27"]
[EventType "swiss"]
[EventRounds "9"]
[EventCountry "UKR"]
[SourceTitle "EXT 2001"]
[Source "ChessBase"]
[SourceDate "2000.11.22"]
[SourceVersion "1"]
[SourceVersionDate "2000.11.22"]
[SourceQuality "1"]

1. d4 d5 2. c4 dxc4 3. e4 c5 4. Nf3 Bg4 5. Bxc4 e6 6. Qa4+ Nc6 7. Ne5 Nf6 8. Bb5 Rc8 9. Nxc6 bxc6 10. Bxc6+ Nd7 11. d5 Qc7 12. 0-0 Rb8 13. Bd2 Rxb2 14. Ba5 Qc8 15. Na3 Ke7 16. Nc4 Nb6 17. Bxb6 Rxb6 18. Qxa7+ 1-0

[Event "Kiev Independence Cup op"]
[Site "Kiev"]
[Date "1999.??.??"]
[Round "?"]
[White "Aniskovitch, Alexandr"]
[Black "Arutiunov, Viktor"]
[Result "1/2-1/2"]
[WhiteElo "2125"]
[BlackElo "2136"]
[PlyCount "48"]
[EventDate "1999.??.??"]
[EventType "swiss"]
[EventRounds "11"]
[EventCountry "UKR"]
[SourceTitle "EXT 2002"]
[Source "ChessBase"]
[SourceDate "2001.11.25"]
[SourceVersion "1"]
[SourceVersionDate "2001.11.25"]
[SourceQuality "1"]

1. c4 c5 2. Nf3 g6 3. Nc3 Bg7 4. g3 Nc6 5. Bg2 d6 6. 0-0 e6 7. Rb1 Nge7 8. a3 a5 9. d3 0-0 10. Ne4 f5 11. Nc3 Rb8 12. e4 b6 13. Be3 Nd4 14. Bxd4 cxd4 15. Nb5 e5 16. b4 fxe4 17. dxe4 axb4 18. axb4 Bg4 19. Qb3 Kh8 20. Ra1 Nc6 21. Rfb1 Qf6 22. Ra3 Rb7 23. h3 Bxf3 24. Qxf3 Qxf3 1/2-1/2

[Event "Kiev Independence Cup op"]
[Site "Kiev"]
[Date "1999.??.??"]
[Round "?"]
[White "Aniskovitch, Alexandr"]
[Black "Dornbusch, Tatiana"]
[Result "1/2-1/2"]
[WhiteElo "2125"]
[BlackElo "2130"]
[PlyCount "114"]
[EventDate "1999.??.??"]
[EventType "swiss"]
[EventRounds "11"]
[EventCountry "UKR"]
[SourceTitle "EXT 2002"]
[Source "ChessBase"]
[SourceDate "2001.11.25"]
[SourceVersion "1"]
[SourceVersionDate "2001.11.25"]
[SourceQuality "1"]

1. c4 Nf6 2. Nf3 g6 3. Nc3 Bg7 4. e4 d6 5. d4 0-0 6. h3 Na6 7. Be3 e5 8. d5 Nc5 9. Nd2 a5 10. g4 Ne8 11. h4 f5 12. h5 f4 13. Bxc5 dxc5 14. hxg6 hxg6 15. f3 Bf6 16. Nb3 Bh4+ 17. Kd2 Bf2 18. Be2 Nd6 19. Rh2 Be3+ 20. Kc2 Kg7 21. Qh1 Rh8 22. Nb5 Nxb5 23. cxb5 Bd7 24. a4 Qe7 25. Rxh8 Rxh8 26. Qg2 b6 27. Rh1 Rxh1 28. Qxh1 c4 29. Bxc4 Qb4 30. Bd3 Qxa4 31. g5 Bxb5 32. Qh6+ Kf7 33. Qh7+ Kf8 34. Qh8+ Kf7 35. Qf6+ Ke8 36. Qxe5+ Kd8 37. Qh8+ Kd7 38. Qc3 c5 39. dxc6+ Bxc6 40. Qg7+ Kd8 41. Qxg6 Bd7 42. Qf6+ Ke8 43. Qe5+ Kf8 44. Qd6+ Ke8 45. Qe5+ Kf8 46. Qh8+ Ke7 47. Qg7+ Ke8 48. g6 Be6 49. Qc3 Bc5 50. Ba6 Bb4 51. Qd3 Qc6+ 52. Kb1 Qd6 53. Qxd6 Bxd6 54. Nd4 Bd7 55. Bc4 Kf8 56. Ne6+ Bxe6 57. Bxe6 Kg7 1/2-1/2

[Event "Kiev Independence Cup op"]
[Site "Kiev"]
[Date "1999.??.??"]
[Round "?"]
[White "Aniskovitch, Alexandr"]
[Black "Taborov, Boris"]
[Result "0-1"]
[WhiteElo "2125"]
[BlackElo "2425"]
[PlyCount "102"]
[EventDate "1999.??.??"]
[EventType "swiss"]
[EventRounds "11"]
[EventCountry "UKR"]
[SourceTitle "EXT 2002"]
[Source "ChessBase"]
[SourceDate "2001.11.25"]
[SourceVersion "1"]
[SourceVersionDate "2001.11.25"]
[SourceQuality "1"]

1. Nf3 Nf6 2. c4 b6 3. g3 Bb7 4. Bg2 c5 5. Nc3 e6 6. d3 Be7 7. e4 d6 8. 0-0 a6 9. Ne1 Qc7 10. f4 Nbd7 11. g4 h6 12. Qf3 g5 13. fxg5 Ne5 14. Qh3 Nfxg4 15. Nf3 Nxf3+ 16. Rxf3 Ne5 17. Rf1 h5 18. Bf4 Ng6 19. Bd2 Qd8 20. Qe3 h4 21. Bh3 Rh5 22. Qf2 Rh7 23. Qe3 Ne5 24. Kh1 Rg7 25. Rg1 b5 26. b3 Bc6 27. Rg2 Qb8 28. Rag1 Ng6 29. Ne2 Qb7 30. Nf4 bxc4 31. bxc4 Qb2 32. Nxg6 Rxg6 33. Rg4 0-0-0 34. Rxh4 Qxa2 35. Bc3 Rdg8 36. Rh8 Qc2 37. Rxg8+ Rxg8 38. Bd2 Rg6 39. Bf1 Qb2 40. h4 Qh8 41. Be1 a5 42. Qf4 f6 43. Bxa5 fxg5 44. Qh2 Rh6 45. Be1 gxh4 46. Bh3 Qd4 47. Qd2 Rf6 48. Bxh4 Bxe4+ 49. Kh2 Kd7 50. Rg7 Bg6 51. Rxe7+ Kxe7 0-1